[Event "10th Sharjah Cup Women 2020"]
[Site "Sharjah"]
[Date "2020.01.11"]
[Round "8.4"]
[White "Drljevic, Ljilja"]
[Black "Assaubayeva, Bibisara"]
[Result "0-1"]
[WhiteElo "2193"]
[BlackElo "2375"]
[Annotator "ChessBase"]
[PlyCount "166"]
[EventDate "2020.01.04"]
[EventType "swiss"]
[EventCountry "UAE"]
[SourceTitle "playchess.com"]
[Source "ChessBase"]
[SourceQuality "1"]
[TimeControl "5400+30"]

1. d4 {[%emt 0:00:00]} d5 {[%emt 0:00:00]} 2. Nf3 {[%emt 0:00:00]} Nf6 {[%emt 0:00:01]} 3. c4 {[%emt 0:00:00]} c6 {[%emt 0:00:49]} 4. cxd5 {[%emt 0:00:00]} cxd5 {[%emt 0:00:34]} 5. Nc3 {[%emt 0:00:08]} Nc6 {[%emt 0:00:14]} 6. Bf4 {[%emt 0:00:12]} Bf5 {[%emt 0:00:55]} 7. Ne5 {[%emt 0:22:47]} Qb6 {[%emt 0:11:42]} 8. Nxc6 {[%emt 0:14:23]} bxc6 {[%emt 0:02:35]} 9. f3 {[%emt 0:02:25]} e6 {[%emt 0:05:19]} 10. Na4 {[%emt 0:01:30]} Qb4+ {[%emt 0:03:23]} 11. Kf2 {[%emt 0:01:38]} c5 {[%emt 0:06:25]} 12. Bd2 {[%emt 0:21:03]} Qb7 {[%emt 0:20:06]} 13. Nxc5 {[%emt 0:07:03]} Bxc5 {[%emt 0:00:33]} 14. dxc5 {[%emt 0:06:04]} Qxb2 {[%emt 0:04:09]} 15. Rc1 {[%emt 0:07:00]} O-O {[%emt 0:06:53]} 16. Bc3 {[%emt 0:06:24]} Qb8 {[%emt 0:03:37]} 17. g4 {[%emt 0:01:13]} Bg6 {[%emt 0:01:41]} 18. h4 {[%emt 0:01:00]} h6 {[%emt 0:07:59]} 19. Qd2 {[%emt 0:01:18]} e5 {[%emt 0:03:35]} 20. g5 {[%emt 0:01:54]} Nh5 {[%emt 0:00:18]} 21. Qxd5 {[%emt 0:00:18]} e4 {[%emt 0:04:44]} 22. Be5 {[%emt 0:00:48]} e3+ {[%emt 0:01:36]} 23. Kxe3 {[%emt 0:01:03]} Re8 {[%emt 0:00:17]} 24. f4 {[%emt 0:00:04]} Qb4 {[%emt 0:04:01]} 25. Qc4 {[%emt 0:01:41]} Qxc4 {[%emt 0:01:06]} 26. Rxc4 {[%emt 0:00:02]} f6 {[%emt 0:00:04]} 27. Bh3 {[%emt 0:02:05]} fxe5 {[%emt 0:01:00]} 28. f5 {[%emt 0:00:54]} Bf7 {[%emt 0:00:11]} 29. Ra4 {[%emt 0:00:08]} Nf4 {[%emt 0:01:18]} 30. Bg4 {[%emt 0:00:23]} Nd5+ {[%emt 0:01:01]} 31. Kf2 {[%emt 0:00:22]} Nc3 {[%emt 0:02:59]} 32. Ra6 {[%emt 0:00:33]} Ne4+ {[%emt 0:00:21]} 33. Ke3 {[%emt 0:00:28]} Nxc5 {[%emt 0:00:18]} 34. Ra3 {[%emt 0:01:13]} Nd7 {[%emt 0:02:05]} 35. Rd1 {[%emt 0:00:48]} Nb6 {[%emt 0:00:07]} 36. Kf2 {[%emt 0:00:27]} e4 {[%emt 0:01:43]} 37. Rd4 {[%emt 0:00:36]} hxg5 {[%emt 0:01:42]} 38. hxg5 {[%emt 0:00:03]} g6 {[%emt 0:00:33]} 39. Ra5 {[%emt 0:00:51]} gxf5 {[%emt 0:00:36]} 40. Bxf5 {[%emt 0:00:07]} e3+ {[%emt 0:00:44]} 41. Kg3 {[%emt 0:00:19]} Bc4 {[%emt 0:01:49]} 42. Be4 {[%emt 0:00:38]} Rad8 {[%emt 0:00:50]} 43. Rxd8 {[%emt 0:00:29]} Rxd8 {[%emt 0:00:01]} 44. Kf3 {[%emt 0:01:00]} a6 {[%emt 0:01:14]} 45. Kxe3 {[%emt 0:00:33]} Bb5 {[%emt 0:00:20]} 46. Bd3 {[%emt 0:00:20]} Nc4+ {[%emt 0:00:52]} 47. Bxc4+ {[%emt 0:00:04]} Bxc4 {[%emt 0:00:03]} 48. Kf3 {[%emt 0:01:07]} Rf8+ {[%emt 0:00:12]} 49. Ke3 {[%emt 0:00:28]} Re8+ {[%emt 0:00:20]} 50. Kd4 {[%emt 0:00:34]} Bxe2 {[%emt 0:00:05]} 51. Re5 {[%emt 0:00:25]} Rd8+ {[%emt 0:00:01]} 52. Kc3 {[%emt 0:00:30]} Bb5 {[%emt 0:00:09]} 53. Re6 {[%emt 0:00:34]} Rd3+ {[%emt 0:00:24]} 54. Kb2 {[%emt 0:00:30]} Rd2+ {[%emt 0:00:21]} 55. Kb3 {[%emt 0:00:05]} Rd4 {[%emt 0:00:16]} 56. Kb2 {[%emt 0:00:54]} Rb4+ {[%emt 0:00:32]} 57. Kc3 {[%emt 0:00:30]} Ra4 {[%emt 0:00:33]} 58. Kb3 {[%emt 0:00:14]} Rg4 {[%emt 0:00:18]} 59. Kc3 {[%emt 0:00:14]} Rxg5 {[%emt 0:00:52]} 60. a4 {[%emt 0:00:55]} Rc5+ {[%emt 0:01:13]} 61. Kb3 {[%emt 0:00:29]} Bf1 {[%emt 0:01:35]} 62. Rf6 {[%emt 0:00:40]} Rc1 {[%emt 0:00:11]} 63. Kb4 {[%emt 0:00:28]} Kg7 {[%emt 0:00:14]} 64. Rd6 {[%emt 0:00:30]} Kf7 {[%emt 0:00:16]} 65. Ka5 {[%emt 0:00:30]} Ke7 {[%emt 0:00:20]} 66. Rh6 {[%emt 0:00:29]} Kd7 {[%emt 0:00:26]} 67. Rf6 {[%emt 0:00:29]} Kc7 {[%emt 0:00:46]} 68. Rh6 {[%emt 0:00:30]} Rc5+ {[%emt 0:00:32]} 69. Kb4 {[%emt 0:00:03]} Rf5 {[%emt 0:00:19]} 70. Rg6 {[%emt 0:00:59]} a5+ {[%emt 0:01:28]} 71. Kb3 {[%emt 0:00:31]} Be2 {[%emt 0:00:02]} 72. Rg7+ {[%emt 0:00:30]} Kb6 {[%emt 0:00:06]} 73. Rd7 {[%emt 0:00:30]} Rf3+ {[%emt 0:00:47]} 74. Kb2 {[%emt 0:00:16]} Kc5 {[%emt 0:00:14]} 75. Rd2 {[%emt 0:00:41]} Bc4 {[%emt 0:00:07]} 76. Rc2 {[%emt 0:00:32]} Kb4 {[%emt 0:00:03]} 77. Ka1 {[%emt 0:00:16]} Ra3+ {[%emt 0:01:14]} 78. Kb2 {[%emt 0:00:26]} Rxa4 {[%emt 0:00:07]} 79. Rc1 {[%emt 0:00:24]} Ra2+ {[%emt 0:00:07]} 80. Kb1 {[%emt 0:00:08]} Rd2 {[%emt 0:00:59]} 81. Ka1 {[%emt 0:00:51]} Ka3 {[%emt 0:01:26]} 82. Rc3+ {[%emt 0:00:36]} Bb3 {[%emt 0:00:03]} 83. Rc1 {[%emt 0:00:05]} Bc2 {[%emt 0:01:11]} 0-1

[Event "10th Sharjah Cup Women 2020"]
[Site "Sharjah"]
[Date "2020.01.11"]
[Round "8.5"]
[White "Gong, Qianyun"]
[Black "Smirnova, Ekaterina"]
[Result "0-1"]
[WhiteElo "2371"]
[BlackElo "2249"]
[Annotator "ChessBase"]
[PlyCount "70"]
[EventDate "2020.01.04"]
[EventType "swiss"]
[EventCountry "UAE"]
[SourceTitle "playchess.com"]
[Source "ChessBase"]
[SourceQuality "1"]
[TimeControl "5400+30"]

1. d4 {[%emt 0:00:00]} d5 {[%emt 0:00:00]} 2. Bf4 {[%emt 0:00:00]} c5 {[%emt 0:00:00]} 3. e3 {[%emt 0:00:00]} cxd4 {[%emt 0:00:00]} 4. exd4 {[%emt 0:00:00]} Nc6 {[%emt 0:00:00]} 5. c3 {[%emt 0:00:20]} Bf5 {[%emt 0:00:39]} 6. Qb3 {[%emt 0:07:48]} Qd7 {[%emt 0:00:08]} 7. Nf3 {[%emt 0:01:03]} e6 {[%emt 0:00:11]} 8. Bb5 {[%emt 0:01:13]} Bd6 {[%emt 0:00:36]} 9. Ne5 {[%emt 0:21:16]} Qc7 {[%emt 0:00:12]} 10. c4 {[%emt 0:00:28]} dxc4 {[%emt 0:03:33]} 11. Qg3 {[%emt 0:02:14]} f6 {[%emt 0:17:14]} 12. Nxc6 {[%emt 0:10:25]} Bxf4 {[%emt 0:01:11]} 13. Ne5+ {[%emt 0:00:09]} Kf8 {[%emt 0:00:48]} 14. Qxf4 {[%emt 0:00:24]} fxe5 {[%emt 0:00:06]} 15. Qxe5 {[%emt 0:00:04]} Qxe5+ {[%emt 0:01:23]} 16. dxe5 {[%emt 0:00:04]} Rc8 {[%emt 0:03:03]} 17. Na3 {[%emt 0:01:44]} c3 {[%emt 0:06:20]} 18. Rc1 {[%emt 0:04:33]} a6 {[%emt 0:04:06]} 19. Be2 {[%emt 0:03:48]} c2 {[%emt 0:00:21]} 20. Nc4 {[%emt 0:03:38]} Ne7 {[%emt 0:03:47]} 21. O-O Nc6 {[%emt 0:03:13]} 22. Nd6 {[%emt 0:16:48]} Nd4 {[%emt 0:00:11]} 23. Rfe1 {[%emt 0:00:03]} Rc5 {[%emt 0:02:27]} 24. f4 {[%emt 0:05:20]} b5 {[%emt 0:10:30]} 25. Kf2 {[%emt 0:07:05]} Bg6 {[%emt 0:03:03]} 26. Bg4 {[%emt 0:03:34]} Ke7 {[%emt 0:02:44]} 27. Ke3 {[%emt 0:00:22]} Nc6 {[%emt 0:00:34]} 28. Bf3 {[%emt 0:06:22]} Nb4 {[%emt 0:04:12]} 29. Ne4 {[%emt 0:00:16]} Rc7 {[%emt 0:01:45]} 30. Re2 {[%emt 0:00:52]} Rhc8 {[%emt 0:06:24]} 31. Nd6 {[%emt 0:00:48]} Nxa2 {[%emt 0:01:12]} 32. Nxc8+ {[%emt 0:00:08]} Rxc8 {[%emt 0:00:00]} 33. Ree1 {[%emt 0:00:11]} Nxc1 {[%emt 0:00:06]} 34. Rxc1 {[%emt 0:00:01]} Rc4 {[%emt 0:00:37]} 35. g3 {[%emt 0:00:38]} Rb4 {[%emt 0:00:37]} 0-1

[Event "10th Sharjah Cup Women 2020"]
[Site "Sharjah"]
[Date "2020.01.11"]
[Round "8.6"]
[White "Khukhashvili, Sopiko"]
[Black "Suleimanova, Ava"]
[Result "1-0"]
[WhiteElo "2343"]
[BlackElo "2213"]
[Annotator "ChessBase"]
[PlyCount "89"]
[EventDate "2020.01.04"]
[EventType "swiss"]
[EventCountry "UAE"]
[SourceTitle "playchess.com"]
[Source "ChessBase"]
[SourceQuality "1"]
[TimeControl "5400+30"]

1. e4 {[%emt 0:00:00]} c5 {[%emt 0:00:00]} 2. Nc3 {[%emt 0:00:00]} Nc6 {[%emt 0:03:49]} 3. f4 {[%emt 0:00:00]} e6 {[%emt 0:02:42]} 4. Nf3 {[%emt 0:00:16]} d6 {[%emt 0:00:30]} 5. Bc4 {[%emt 0:01:10]} Nf6 {[%emt 0:00:42]} 6. O-O {[%emt 0:01:02]} Be7 {[%emt 0:00:19]} 7. d3 {[%emt 0:00:50]} O-O {[%emt 0:00:33]} 8. Bb3 {[%emt 0:00:22]} a6 {[%emt 0:01:02]} 9. a4 {[%emt 0:00:37]} Rb8 {[%emt 0:00:09]} 10. Qe1 {[%emt 0:00:18]} b5 {[%emt 0:01:29]} 11. axb5 {[%emt 0:00:32]} axb5 {[%emt 0:00:07]} 12. Ne2 {[%emt 0:01:03]} Qb6 {[%emt 0:01:45]} 13. Kh1 {[%emt 0:00:56]} c4 {[%emt 0:07:17]} 14. Ba2 {[%emt 0:00:56]} Ra8 {[%emt 0:07:15]} 15. Bd2 {[%emt 0:09:08]} d5 {[%emt 0:01:54]} 16. Ng3 {[%emt 0:00:39]} Bc5 {[%emt 0:03:55]} 17. h3 {[%emt 0:05:05]} Ra7 {[%emt 0:14:12]} 18. e5 {[%emt 0:02:58]} Ne8 {[%emt 0:00:32]} 19. Nh5 {[%emt 0:01:29]} f5 {[%emt 0:01:29]} 20. exf6 {[%emt 0:02:11]} Nxf6 {[%emt 0:00:13]} 21. Nxf6+ {[%emt 0:12:55]} Rxf6 {[%emt 0:01:20]} 22. dxc4 {[%emt 0:00:03]} bxc4 {[%emt 0:01:05]} 23. b3 {[%emt 0:01:41]} cxb3 {[%emt 0:09:58]} 24. Bxb3 {[%emt 0:00:09]} Ba6 {[%emt 0:00:29]} 25. Rxa6 {[%emt 0:00:34]} Rxa6 {[%emt 0:03:20]} 26. f5 {[%emt 0:02:39]} Ne7 {[%emt 0:04:47]} 27. fxe6 {[%emt 0:02:14]} Qxe6 {[%emt 0:03:17]} 28. Qd1 {[%emt 0:00:10]} Rf5 {[%emt 0:06:49]} 29. Bg5 {[%emt 0:01:27]} h6 {[%emt 0:03:46]} 30. Re1 {[%emt 0:02:12]} Qxe1+ {[%emt 0:05:55]} 31. Qxe1 {[%emt 0:00:33]} hxg5 {[%emt 0:00:08]} 32. Qc3 {[%emt 0:01:53]} Bd6 {[%emt 0:00:53]} 33. g4 {[%emt 0:01:31]} Rf8 {[%emt 0:00:40]} 34. Nxg5 {[%emt 0:00:35]} Rf1+ {[%emt 0:03:12]} 35. Kg2 {[%emt 0:00:04]} Raa1 {[%emt 0:00:13]} 36. Nf3 {[%emt 0:00:26]} Rad1 {[%emt 0:01:05]} 37. Qe3 {[%emt 0:01:23]} Kh8 {[%emt 0:00:53]} 38. Bxd5 {[%emt 0:02:22]} Rfe1 {[%emt 0:05:58]} 39. Nxe1 {[%emt 0:01:34]} Nxd5 {[%emt 0:00:04]} 40. Qe8+ {[%emt 0:00:15]} Kh7 {[%emt 0:00:06]} 41. Qe4+ {[%emt 0:01:58]} Kh8 {[%emt 0:00:13]} 42. Nd3 {[%emt 0:00:38]} Rd2+ {[%emt 0:00:14]} 43. Kf3 {[%emt 0:00:22]} Nf6 {[%emt 0:00:22]} 44. Qa8+ {[%emt 0:00:18]} Kh7 {[%emt 0:01:01]} 45. g5 {[%emt 0:00:04]} 1-0

[Event "10th Sharjah Cup Women 2020"]
[Site "Sharjah"]
[Date "2020.01.11"]
[Round "8.7"]
[White "Nguyen, Thi Mai Hung"]
[Black "Radeva, Viktoria"]
[Result "1/2-1/2"]
[WhiteElo "2254"]
[BlackElo "2338"]
[Annotator "TA"]
[PlyCount "57"]
[EventDate "2020.01.04"]
[EventType "swiss"]
[EventCountry "UAE"]
[SourceTitle "playchess.com"]
[Source "ChessBase"]
[SourceQuality "1"]

{[%evp 24,57,39,48,59,27,37,16,43,0,0,0,27,25,54,39,29,35,24,24,31,29,61,50,83,68,203,208,759,758,762,630,755,752,736,732]} 1. d4 d5 2. c4 e6 3. Nf3 Nf6 4. g3 Be7 5. Bg2 O-O 6. O-O c6 7. Qc2 b6 8. Rd1 Bb7 9. Nc3 Nbd7 10. b3 Rc8 11. e4 dxe4 12. Nxe4 Nxe4 13. Qxe4 Bf6 {E08: Closed Catalan: Main Line: 7 Qc2} (13... Qc7 14. Bf4 Bd6 15. Bxd6 Qxd6 16. c5 Qc7 17. Rac1 Rcd8 18. Qe1 a5 19. cxb6 Qxb6 20. Nd2 Ra8 21. Ne4 Rfd8 22. Qe3 Qc7 23. Qg5 Nb6 {½-½ (62) Artemiev,V (2695)-Antipov,M (2580) Sochi 2017}) 14. Bb2 Qc7 15. Qc2 c5 {The position is equal.} 16. d5 exd5 17. cxd5 Rcd8 18. Nd4 {[#]} Bxd4 $146 ({Predecessor:} 18... Rfe8 19. Nf5 Qb8 20. Bxf6 Nxf6 21. Qd2 Qe5 22. Ne3 {½-½ (22) Markowski,T (2592)-Poluljahov,A (2502) Bydgoszcz 2001}) 19. Rxd4 {[%mdl 64] [#] Pin} Qd6 20. Rh4 {[%csl Gh4][%cal Rc2h7]} h6 21. Rg4 $40 {[%mdl 128] White has some attack.} Nf6 22. Qc3 Kh8 23. Rf4 Rde8 24. Rd1 a6 (24... Kg8 $1 $14) 25. Qf3 $18 {[%cal Rf4f6] Threatens to win with Rxf6.} Nxd5 $2 (25... Re5 26. Bxe5 Qxe5) 26. Rxf7 {[%mdl 64] [#] Double Attack. White is clearly winning.} Nc3 27. Rxf8+ ({Weaker is} 27. Bxc3 Bxf3 28. Rxd6 (28. Bxg7+ $2 Kg8 $19) 28... Rxf7 $15) 27... Rxf8 28. Rxd6 Bxf3 29. Bxc3 {[%mdl 32768] Accuracy: White = 66%, Black = 41%. . An unexpected result.} 1/2-1/2

[Event "10th Sharjah Cup Women 2020"]
[Site "Sharjah"]
[Date "2020.01.11"]
[Round "8.8"]
[White "Rapport, Jovana"]
[Black "Michelle Catherina, P."]
[Result "1-0"]
[WhiteElo "2333"]
[BlackElo "2143"]
[Annotator "TA"]
[PlyCount "79"]
[EventDate "2020.01.04"]
[EventType "swiss"]
[EventCountry "UAE"]
[SourceTitle "playchess.com"]
[Source "ChessBase"]
[SourceQuality "1"]

{[%evp 10,79,27,19,30,35,32,4,5,6,6,6,15,15,13,10,12,14,18,0,19,17,30,9,10,15,32,34,56,1,10,11,10,0,0,0,0,0,0,0,129,0,0,0,6,1,13,11,141,100,119,56,427,449,447,451,443,433,479,495,547,279,939,885,1133,1085,1765,1808,1803,1690,1728,1699]} 1. d4 Nf6 2. Nf3 e6 3. c4 d5 4. Bg5 h6 5. Bxf6 Qxf6 6. e3 Qd8 {D30: Queen's Gambit Declined: Systems without Nc3} (6... g6 7. Nbd2 Bg7 8. Bd3 Qe7 9. O-O O-O 10. Rc1 c6 11. Ne5 dxc4 12. Ndxc4 c5 13. Bxg6 fxg6 14. Nxg6 {1-0 (42) Aravindh,C (2605)-Giri,A (2769) Moscow 2019}) 7. Nc3 Be7 8. cxd5 exd5 {The position is equal.} 9. Bd3 c6 10. O-O $146 ({Predecessor:} 10. h3 Nd7 11. O-O O-O 12. Rb1 a5 13. a3 Bd6 14. Bc2 Re8 15. e4 dxe4 16. Nxe4 Nf6 17. Nc3 Bc7 18. Qd3 g6 19. Qd2 Kg7 {0-1 (41) Richardson,J (2338)-Barsov,A (2519) Hampstead 2001}) 10... O-O 11. Ne5 Nd7 12. f4 Nxe5 13. fxe5 Bg5 14. Qe2 Be6 15. Bc2 c5 16. Qd3 {[%csl Gc2][%cal Rd3h7]} g6 17. dxc5 Qc7 18. Qd4 Rac8 19. b4 (19. h4 $14 Be7 20. Qf4 (20. Nxd5 Qxc5 21. Nxe7+ Qxe7 $11)) 19... b6 $11 {[%cal Rb6c5]} 20. Na4 Be7 21. Rac1 {[%cal Rc5b6]} bxc5 22. bxc5 Bxc5 23. Nxc5 Qxc5 24. Qf4 $36 {[%mdl 2048] White has some pressure.} h5 {[#]} (24... Kh7 $11) 25. h3 (25. Bxg6 $1 $16 {[%mdl 512]} Qxc1 (25... fxg6 26. Rxc5) 26. Bd3) 25... Qe7 26. Bb3 Rc5 27. Kh2 Rfc8 28. Rcd1 Qb7 (28... Rb5 $11 {remains equal.}) 29. Rd4 Re8 {[#]} 30. Rfd1 ({Better is} 30. Qg3 $1 $16) 30... Kh7 $2 {[%mdl 8192] [#]} (30... Qe7 $14) 31. e4 $1 $18 Qe7 32. exd5 Bf5 33. Re1 Qd8 34. e6 Qf6 35. Rdd1 {aiming for exf7.} Kg7 $2 (35... fxe6 36. Qa4 Rcc8) 36. exf7 {White is clearly winning.} Rf8 37. d6 Bd7 38. Qxf6+ Kxf6 39. Re7 Bc6 40. Rxa7 {Accuracy: White = 63%, Black = 28%.} 1-0

[Event "10th Sharjah Cup Women 2020"]
[Site "Sharjah"]
[Date "2020.01.11"]
[Round "8.9"]
[White "Heinemann, Josefine"]
[Black "Gevorgyan, Irina"]
[Result "0-1"]
[WhiteElo "2317"]
[BlackElo "2216"]
[Annotator "NA RC"]
[PlyCount "114"]
[EventDate "2020.01.04"]
[EventType "swiss"]
[EventCountry "UAE"]
[SourceTitle "playchess.com"]
[Source "ChessBase"]
[SourceQuality "1"]
[TimeControl "5400+30"]

1. e4 {[%emt 0:00:00]} c6 {[%emt 0:00:00]} 2. d4 {[%emt 0:00:00]} d5 {[%emt 0:00:00]} 3. Nd2 {[%emt 0:00:00]} dxe4 {[%emt 0:00:00]} 4. Nxe4 {[%emt 0:00:00]} Bf5 {[%emt 0:00:00]} 5. Ng3 {[%emt 0:00:22]} Bg6 {[%emt 0:00:01]} 6. h4 {[%emt 0:00:00]} h6 {[%emt 0:00:09]} 7. Nf3 {[%emt 0:01:00]} Nd7 {[%emt 0:00:07]} 8. Bd3 {[%emt 0:01:25]} Bxd3 {[%emt 0:03:37]} 9. Qxd3 {[%emt 0:00:11]} e6 {[%emt 0:00:06]} 10. Bd2 {[%emt 0:00:05]} Ngf6 {[%emt 0:02:46]} 11. O-O-O {[%emt 0:00:35]} Qc7 {[%emt 0:07:12]} 12. Qe2 {[%emt 0:00:48]} O-O-O {[%emt 0:00:35]} 13. Nf1 {[%emt 0:03:49]} Bd6 {[%emt 0:10:22]} 14. g3 {[%emt 0:01:05]} Nb6 {[%emt 0:20:08]} 15. Ba5 {[%emt 0:05:50]} Qe7 {[%emt 0:07:12]} 16. Ne3 {[%emt 0:04:22]} Bc7 {[%emt 0:00:53]} 17. Kb1 {[%emt 0:05:09]} Nbd5 {[%emt 0:05:58]} 18. Bxc7 {[%emt 0:04:19]} Qxc7 $14 {[%emt 0:00:48]} 19. c4 {[%emt 0:01:48]} Nxe3 {[%emt 0:00:47]} 20. Qxe3 {[%emt 0:00:05]} Ng4 {[%emt 0:00:50]} 21. Qe2 {[%emt 0:00:06]} Kb8 {[%emt 0:05:26]} 22. Ne5 {[%emt 0:05:04]} Nxe5 {[%emt 0:00:30]} 23. Qxe5 {[%emt 0:00:09]} g6 {[%emt 0:13:45]} 24. Kc2 {[%emt 0:02:42]} h5 {[%emt 0:00:22]} 25. Kc3 {[%emt 0:03:13]} Kc8 {[%emt 0:02:37]} 26. Qxc7+ {[%emt 0:00:07]} Kxc7 {[%emt 0:00:08]} 27. Rde1 {[%emt 0:00:23]} Rd7 {[%emt 0:00:32]} 28. Re4 {[%emt 0:00:15]} b5 {[%emt 0:01:42]} 29. c5 {[%emt 0:03:45]} Rhd8 {[%emt 0:00:33]} 30. Rhe1 {[%emt 0:01:18]} Rd5 {[%emt 0:00:22]} 31. Rf4 {[%emt 0:02:31]} Rf5 {[%emt 0:02:34]} 32. Ree4 {[%emt 0:00:37]} a5 {[%emt 0:01:06]} 33. f3 {[%emt 0:02:13]} Rxf4 {[%emt 0:00:12]} 34. Rxf4 {[%emt 0:00:02]} f5 {[%emt 0:00:17]} 35. a3 {[%emt 0:03:57]} Rg8 {[%emt 0:02:59]} 36. Kd2 {[%emt 0:02:38]} Kd7 {[%emt 0:01:34]} 37. Ke3 {[%emt 0:03:33]} Ke7 {[%emt 0:00:09]} 38. g4 {[%emt 0:03:52]} Rd8 {[%emt 0:00:05]} 39. b3 {[%emt 0:01:36]} Kf6 {[%emt 0:00:32]} 40. g5+ {[%emt 0:01:36]} Ke7 {[%emt 0:00:06]} 41. Ke2 {[%emt 0:01:48]} Rd5 {[%emt 0:02:55]} 42. Kf2 {[%emt 0:03:36]} e5 {[%emt 0:01:00]} 43. dxe5 {[%emt 0:00:04]} Ke6 {[%emt 0:00:08]} 44. a4 {[%emt 0:02:32]} Kxe5 {[%emt 0:00:06]} 45. Kg3 {[%emt 0:04:10]} Rxc5 {[%emt 0:01:11]} 46. b4 {[%emt 0:01:06]} axb4 {[%emt 0:00:35]} 47. a5 {[%emt 0:02:26]} Rc2 {[%emt 0:00:20]} 48. Rxb4 {[%emt 0:00:17]} Ra2 {[%emt 0:00:19]} 49. Rb1 {[%emt 0:01:23]} f4+ {[%emt 0:00:23]} 50. Kh3 {[%emt 0:00:03]} Rxa5 {[%emt 0:00:06]} 51. Re1+ {[%emt 0:00:49]} Kd6 {[%emt 0:01:37]} 52. Re8 {[%emt 0:00:14]} b4 {[%emt 0:00:39]} 53. Rg8 {[%emt 0:00:43]} b3 {[%emt 0:00:15]} 54. Rxg6+ {[%emt 0:00:06]} Kc5 {[%emt 0:01:02]} 55. Re6 {[%emt 0:00:59]} b2 {[%emt 0:00:36]} 56. Re5+ {[%emt 0:00:17]} Kb6 {[%emt 0:00:48]} 57. Re8 {[%emt 0:00:34]} Rb5 {[%emt 0:00:28]} 0-1

[Event "10th Sharjah Cup Women 2020"]
[Site "Sharjah"]
[Date "2020.01.11"]
[Round "8.10"]
[White "Babayan, Armine"]
[Black "Abdulla, Khayala"]
[Result "0-1"]
[WhiteElo "2186"]
[BlackElo "2275"]
[Annotator "NA"]
[PlyCount "72"]
[EventDate "2020.01.04"]
[EventType "swiss"]
[EventCountry "UAE"]
[SourceTitle "playchess.com"]
[Source "ChessBase"]
[SourceQuality "1"]
[TimeControl "5400+30"]

1. e4 {[%emt 0:00:00]} c6 {[%emt 0:00:00]} 2. d4 {[%emt 0:00:00]} d5 {[%emt 0:00:00]} 3. Nc3 {[%emt 0:00:00]} dxe4 {[%emt 0:00:05]} 4. Nxe4 {[%emt 0:00:00]} Nf6 {[%emt 0:00:17]} 5. Nxf6+ {[%emt 0:01:35]} exf6 {[%emt 0:00:06]} 6. Bc4 {[%emt 0:00:21]} Be7 {[%emt 0:01:35]} 7. Be3 {[%emt 0:00:38]} O-O {[%emt 0:00:44]} 8. Ne2 {[%emt 0:00:28]} Bd6 {[%emt 0:01:20]} 9. Ng3 {[%emt 0:06:00]} f5 {[%emt 0:04:37]} 10. Qd2 {[%emt 0:06:23]} Qc7 {[%emt 0:02:23]} 11. Nh5 {[%emt 0:03:19]} Nd7 {[%emt 0:11:27]} 12. Bh6 $11 {[%emt 0:10:40]} Re8+ {[%emt 0:11:44]} 13. Kf1 {[%emt 0:00:12]} g6 {[%emt 0:06:12]} 14. Ng7 {[%emt 0:02:48]} Re4 {[%emt 0:01:45]} 15. g3 {[%emt 0:15:41]} Nf6 {[%emt 0:10:43]} 16. f3 {[%emt 0:03:28]} Re7 {[%emt 0:00:47]} 17. Qg5 {[%emt 0:01:57]} Ne8 {[%emt 0:14:03]} 18. Nh5 {[%emt 0:01:32]} Be6 {[%emt 0:04:05]} 19. Bd3 {[%emt 0:05:24]} f6 {[%emt 0:00:24]} 20. Nxf6+ {[%emt 0:01:04]} Nxf6 {[%emt 0:00:04]} 21. Qxf6 {[%emt 0:00:07]} Bd5 {[%emt 0:04:28]} 22. Kg2 {[%emt 0:06:25]} Rf7 {[%emt 0:03:42]} 23. Qh4 {[%emt 0:00:58]} f4 {[%emt 0:02:34]} 24. g4 {[%emt 0:02:40]} Qb6 {[%emt 0:03:04]} 25. Qf2 {[%emt 0:03:34]} Re8 {[%emt 0:02:57]} 26. Be4 {[%emt 0:11:33]} Bxe4 {[%emt 0:06:04]} 27. fxe4 {[%emt 0:00:01]} f3+ {[%emt 0:00:26]} 28. Kh3 {[%emt 0:00:11]} Bf4 {[%emt 0:01:19]} 29. Bxf4 {[%emt 0:01:08]} Rxf4 {[%emt 0:00:02]} 30. Rae1 {[%emt 0:00:38]} Qc7 {[%emt 0:02:15]} 31. Qe3 {[%emt 0:08:58]} f2 {[%emt 0:01:56]} 32. Rd1 {[%emt 0:02:56]} Rexe4 {[%emt 0:01:47]} 33. Qg3 {[%emt 0:00:23]} Qf7 {[%emt 0:00:30]} 34. Rd3 {[%emt 0:01:10]} f1=Q+ {[%emt 0:00:47]} 35. Rxf1 {[%emt 0:00:11]} Rxf1 {[%emt 0:00:03]} 36. d5 {[%emt 0:00:14]} h5 {[%emt 0:00:35]} 0-1

[Event "10th Sharjah Cup Women 2020"]
[Site "Sharjah"]
[Date "2020.01.11"]
[Round "8.11"]
[White "Al Maamari, Wafia Darwish"]
[Black "Pujari, Rucha"]
[Result "0-1"]
[WhiteElo "1866"]
[BlackElo "2187"]
[Annotator "NA"]
[PlyCount "76"]
[EventDate "2020.01.04"]
[EventType "swiss"]
[EventCountry "UAE"]
[SourceTitle "playchess.com"]
[Source "ChessBase"]
[SourceQuality "1"]
[TimeControl "5400+30"]

1. e4 {[%emt 0:00:00]} e5 {[%emt 0:00:00]} 2. Nf3 {[%emt 0:00:00]} Nc6 {[%emt 0:00:00]} 3. Bb5 {[%emt 0:00:00]} a6 {[%emt 0:00:07]} 4. Ba4 {[%emt 0:00:07]} Nf6 {[%emt 0:00:05]} 5. O-O {[%emt 0:00:10]} Be7 {[%emt 0:00:13]} 6. Re1 {[%emt 0:00:20]} b5 {[%emt 0:00:03]} 7. Bb3 {[%emt 0:00:08]} O-O {[%emt 0:00:20]} 8. d4 {[%emt 0:01:05]} d6 {[%emt 0:01:47]} 9. c3 {[%emt 0:00:58]} Bg4 {[%emt 0:00:22]} 10. d5 {[%emt 0:00:35]} Na5 {[%emt 0:00:46]} 11. Bc2 {[%emt 0:00:48]} c6 {[%emt 0:02:37]} 12. h3 {[%emt 0:02:13]} Bc8 {[%emt 0:00:59]} 13. dxc6 {[%emt 0:02:51]} Qc7 {[%emt 0:00:54]} 14. Nbd2 {[%emt 0:00:55]} Qxc6 {[%emt 0:03:55]} 15. Nf1 {[%emt 0:02:15]} h6 {[%emt 0:00:19] C91: Closed Ruy Lopez: 7...d6 8 c3 0-0 9 d4} 16. Ng3 {[%emt 0:04:58]} Re8 {[%emt 0:04:30]} 17. Nh4 {[%emt 0:04:55]} Bf8 {[%emt 0:08:17]} 18. Qf3 {[%emt 0:04:12]} Re6 {[%emt 0:10:46] [#]} 19. Ngf5 $146 {[%emt 0:08:10]} ({Predecessor:} 19. Nhf5 Bb7 20. b3 d5 21. exd5 Qxd5 22. Ne4 Nxe4 23. Rxe4 {0-1 (50) Jobava,B (2658)-Harikrishna,P (2650) Sochi 2007}) 19... Bb7 {[%emt 0:09:23]} 20. Qg3 {[%emt 0:04:39]} Kh7 $14 {[%emt 0:03:21]} 21. a4 {[%emt 0:04:46]} b4 {[%emt 0:09:12]} 22. Nf3 {[%emt 0:05:00]} bxc3 {[%emt 0:11:58]} 23. b4 {[%emt 0:01:21]} Nc4 {[%emt 0:01:34]} 24. Qh4 {[%emt 0:01:26]} Kg8 {[%emt 0:03:55]} 25. Qg3 {[%emt 0:07:02]} Kh8 {[%emt 0:00:54]} 26. Qh4 {[%emt 0:00:47]} Nh7 {[%emt 0:01:15]} 27. g4 {[%emt 0:03:46]} Nd2 {[%emt 0:03:23]} 28. Re3 {[%emt 0:01:59]} d5 {[%emt 0:03:02]} 29. b5 {[%emt 0:21:02]} axb5 {[%emt 0:04:57]} 30. axb5 {[%emt 0:00:04]} Qxb5 {[%emt 0:01:15]} 31. Rxa8 {[%emt 0:03:12]} Qf1+ {[%emt 0:01:39]} 32. Kh2 {[%emt 0:00:01]} Bxa8 {[%emt 0:01:12]} 33. Bxd2 {[%emt 0:00:29]} cxd2 {[%emt 0:00:27]} 34. Nxd2 {[%emt 0:02:19]} Qc1 {[%emt 0:00:23]} 35. exd5 {[%emt 0:03:04]} Bxd5 {[%emt 0:00:46]} 36. Nf3 {[%emt 0:02:51]} Bxf3 {[%emt 0:01:57]} 37. Rxf3 {[%emt 0:00:08]} Qxc2 {[%emt 0:00:23]} 38. Qd8 {[%emt 0:00:17]} Qc6 {[%emt 0:01:05]} 0-1